| 000 | 00805nam a2200205Ia 4500 | ||
|---|---|---|---|
| 999 |
_c40085 _d40085 |
||
| 001 | 6691 | ||
| 003 | GE_BSU | ||
| 005 | 20191224115207.0 | ||
| 008 | 181216s1999||||ge |||||||||||||| ||geo|| | ||
| 040 | _cGE_BSU | ||
| 041 | _ageo | ||
| 080 | _a821.353.1-11 გ-44 | ||
| 100 |
_aგვარიშვილი, ნანა. _95921 |
||
| 245 |
_aისტორიული პოემები / _cნანა გვარიშვილი ; რედ. ხათუნა თავდგირიძე. |
||
| 264 |
_aბათუმი : _bაჭარა, _c1999. |
||
| 300 |
_a66 გვ. : _bილ. ; _c17 სმ. |
||
| 653 | _aისტორიული პოემები | ||
| 700 |
_aთავდგირიძე, ხათუნა _eრედაქტორი _95942 |
||
| 942 |
_cBK _2udc |
||